[Event "IECG CB.2001.0.00016 email"]
[Site "IECG email"]
[Date "2001.10.03"]
[Round "1"]
[White "Kirpikov, Alexander"]
[Black "Ventimiglia, Chuck"]
[Result "1-0"]
[WhiteElo "1900"]
[BlackElo "1840"]
[PlyCount "87"]
[EventDate "2001.10.03"]
[EventType "tourn (corr)"]
[EventRounds "6"]
[SourceTitle "Corr 2024"]
[Source "ChessBase"]
[SourceDate "2023.10.19"]
[SourceVersion "1"]
[SourceVersionDate "2023.10.19"]
[SourceQuality "1"]

1. Nf3 Nf6 2. c4 c5 3. g3 b6 4. Bg2 Bb7 5. Nc3 g6 6. 0-0 Bg7 7. d4 cxd4 8. Qxd4 Nc6 9. Qf4 Qb8 10. b3 Qxf4 11. Bxf4 d6 12. Rac1 0-0 13. Nd4 Nxd4 14. Bxb7 Rab8 15. Bg2 Ne6 16. Be3 Rfe8 17. h3 Nd7 18. Rfd1 Rbc8 19. Bb7 Rc7 20. Bd5 a6 21. Bf3 Bxc3 22. Rxc3 b5 23. Bd5 b4 24. Rc2 h5 25. Kf1 Nec5 26. Bg2 Rb8 27. Bg5 Kf8 28. Rb2 f6 29. Bf4 g5 30. Be3 Kg7 31. h4 Kg6 32. hxg5 fxg5 33. Rd5 Ne6 34. Be4+ Kh6 35. Bf5 Ndc5 36. Rbd2 Rf8 37. Rd1 Rc6 38. Bc2 a5 39. Rf5 Rxf5 40. Bxf5 Ra6 41. a3 bxa3 42. b4 Nb3 43. Bxe6 a2 44. Bd5 1-0

[Event "IECG CB.2001.0.00016 email"]
[Site "IECG email"]
[Date "2001.10.03"]
[Round "1"]
[White "Ventimiglia, Chuck"]
[Black "Moriana Garcia, Jose Manuel"]
[Result "0-1"]
[WhiteElo "1840"]
[BlackElo "1800"]
[PlyCount "28"]
[EventDate "2001.10.03"]
[EventType "tourn (corr)"]
[EventRounds "6"]
[SourceTitle "Corr 2024"]
[Source "ChessBase"]
[SourceDate "2023.10.19"]
[SourceVersion "1"]
[SourceVersionDate "2023.10.19"]
[SourceQuality "1"]

1. e4 c5 2. f4 d5 3. exd5 Nf6 4. Bb5+ Nbd7 5. c4 a6 6. Bxd7+ Bxd7 7. d4 cxd4 8. Qxd4 e6 9. Nf3 Rc8 10. Nc3 Bc5 11. Qd3 0-0 12. Ne5 exd5 13. cxd5 Ng4 14. Ne4 Re8 0-1

[Event "LSS RC-2001-0-00001"]
[Site "LSS email"]
[Date "2001.06.14"]
[Round "1"]
[White "Jelic, Milorad"]
[Black "Ventimiglia, Chuck"]
[Result "1/2-1/2"]
[WhiteElo "1738"]
[BlackElo "1739"]
[PlyCount "62"]
[EventDate "2001.06.14"]
[EventType "tourn (corr)"]
[EventRounds "6"]
[EventCountry "GER"]
[SourceTitle "Corr 2024"]
[Source "ChessBase"]
[SourceDate "2023.10.19"]
[SourceVersion "1"]
[SourceVersionDate "2023.10.19"]
[SourceQuality "1"]

1. e4 c5 2. d4 cxd4 3. Qxd4 Nc6 4. Qd1 Nf6 5. Nc3 e6 6. a3 d5 7. exd5 exd5 8. Nf3 Bg4 9. Bb5 Qe7+ 10. Qe2 Bxf3 11. gxf3 Qxe2+ 12. Nxe2 a6 13. Bxc6+ bxc6 14. Be3 Bd6 15. 0-0-0 Kd7 16. Rhg1 g6 17. h4 Rhe8 18. Nc3 Kc7 19. Na4 Re6 20. Rge1 Rae8 21. b4 Nd7 22. f4 f5 23. Kd2 h5 24. Kd3 c5 25. Nxc5 Nxc5+ 26. bxc5 Bxc5 27. a4 Bb4 28. c3 Be7 29. Rh1 Rb8 30. Bd4 Bd6 31. Rhe1 Rbe8 1/2-1/2

[Event "LSS RC-2001-0-00001"]
[Site "LSS email"]
[Date "2001.06.14"]
[Round "1"]
[White "Paletta, Horacio"]
[Black "Ventimiglia, Chuck"]
[Result "0-1"]
[WhiteElo "1765"]
[BlackElo "1739"]
[PlyCount "50"]
[EventDate "2001.06.14"]
[EventType "tourn (corr)"]
[EventRounds "6"]
[EventCountry "GER"]
[SourceTitle "Corr 2024"]
[Source "ChessBase"]
[SourceDate "2023.10.19"]
[SourceVersion "1"]
[SourceVersionDate "2023.10.19"]
[SourceQuality "1"]

1. e4 c5 2. Nf3 Nf6 3. e5 Nd5 4. d4 cxd4 5. c4 Nb4 6. Be2 Qa5 7. 0-0 N8c6 8. Bd2 d6 9. exd6 e5 10. a3 Bxd6 11. Nc3 Na6 12. b4 Qd8 13. Ne4 Bc7 14. b5 d3 15. bxa6 b6 16. Re1 dxe2 17. Rxe2 Bg4 18. Qa4 Qd7 19. Bg5 Bxf3 20. gxf3 Nd4 21. Qxd7+ Kxd7 22. Rd2 Kc6 23. Rd3 f6 24. Bd2 Rhd8 25. Kg2 f5 0-1

[Event "LSS RC-2001-0-00001"]
[Site "LSS email"]
[Date "2001.06.14"]
[Round "1"]
[White "Ventimiglia, Chuck"]
[Black "Pecotic, Kuzma"]
[Result "0-1"]
[WhiteElo "1739"]
[BlackElo "1692"]
[PlyCount "88"]
[EventDate "2001.06.14"]
[EventType "tourn (corr)"]
[EventRounds "6"]
[EventCountry "GER"]
[SourceTitle "Corr 2024"]
[Source "ChessBase"]
[SourceDate "2023.10.19"]
[SourceVersion "1"]
[SourceVersionDate "2023.10.19"]
[SourceQuality "1"]

1. e4 e5 2. f4 exf4 3. Nf3 g5 4. Bc4 Bg7 5. 0-0 d6 6. d4 h6 7. c3 Nc6 8. Qa4 Ke7 9. Nbd2 a6 10. Bd5 Qd7 11. Qb3 Kf8 12. Re1 Nf6 13. Bxc6 Qxc6 14. h3 Be6 15. c4 b5 16. cxb5 Qb6 17. Qa3 Nd7 18. Kh1 Bxd4 19. Nxd4 Qxd4 20. Nf3 Qf2 21. Qc3 Rg8 22. Nd4 axb5 23. Nxe6+ fxe6 24. Be3 Qg3 25. Rf1 Ke7 26. Rf3 Qh4 27. Bf2 Qh5 28. Qxc7 Rgc8 29. Qb7 Rab8 30. Qa6 Ne5 31. Qa7+ Ke8 32. Rc3 Qf7 33. Qd4 Qd7 34. Rac1 Rc4 35. Rxc4 bxc4 36. Rxc4 Qb5 37. Rc3 Qf1+ 38. Kh2 f3 39. gxf3 Rxb2 40. Rc8+ Kd7 41. Qxb2 Kxc8 42. Qc3+ Kd7 43. Qe3 Ke8 44. a4 h5 0-1

[Event "LSS RC-2001-0-00001"]
[Site "LSS email"]
[Date "2001.06.10"]
[Round "1"]
[White "Van Bommel, Ton"]
[Black "Ventimiglia, Chuck"]
[Result "1/2-1/2"]
[WhiteElo "1676"]
[BlackElo "1739"]
[PlyCount "70"]
[EventDate "2001.06.14"]
[EventType "tourn (corr)"]
[EventRounds "6"]
[EventCountry "GER"]
[SourceTitle "Corr 2024"]
[Source "ChessBase"]
[SourceDate "2023.10.19"]
[SourceVersion "1"]
[SourceVersionDate "2023.10.19"]
[SourceQuality "1"]

1. e4 c5 2. Nf3 Nc6 3. d4 cxd4 4. Nxd4 Nf6 5. Nc3 e5 6. Ndb5 d6 7. Bg5 a6 8. Na3 b5 9. Nd5 Be7 10. Bxf6 Bxf6 11. c3 0-0 12. Nc2 Rb8 13. Be2 Bg5 14. 0-0 Be6 15. Qd3 a5 16. Rfd1 Qd7 17. Qg3 Qd8 18. Nce3 b4 19. Rab1 Bxe3 20. Qxe3 f5 21. Bc4 bxc3 22. Qxc3 Kh8 23. exf5 Bxf5 24. Rbc1 Qg5 25. Qd2 Qg6 26. Rc3 Nd4 27. Ne7 Qf6 28. Nxf5 Qxf5 29. Re1 Qf4 30. Qxf4 Rxf4 31. Bd5 g5 32. b3 Rbf8 33. f3 g4 34. Kf2 h5 35. Re4 R4f6 1/2-1/2

[Event "IECG R2.2001.0.00006"]
[Site "IECG email"]
[Date "2001.04.15"]
[Round "1"]
[White "Ventimiglia, Chuck"]
[Black "Bopp, Thomas"]
[Result "1/2-1/2"]
[WhiteElo "1713"]
[BlackElo "1375"]
[PlyCount "67"]
[EventDate "2001.04.15"]
[EventType "tourn (corr)"]
[EventRounds "6"]
[SourceTitle "Corr 2024"]
[Source "ChessBase"]
[SourceDate "2023.10.19"]
[SourceVersion "1"]
[SourceVersionDate "2023.10.19"]
[SourceQuality "1"]

1. e4 e5 2. f4 exf4 3. Nf3 g5 4. Bc4 g4 5. 0-0 gxf3 6. Qxf3 Qf6 7. e5 Qxe5 8. Bxf7+ Kxf7 9. d4 Qxd4+ 10. Be3 Qg7 11. Bxf4 Nf6 12. Be5 Bc5+ 13. Kh1 Be7 14. Nc3 Nc6 15. Bxf6 Bxf6 16. Nd5 Ke8 17. Qh5+ Kd8 18. Rxf6 Rg8 19. Rg1 Ne7 20. Qh4 c6 21. Nxe7 Qg5 22. Qxg5 Rxg5 23. Re1 Rc5 24. c3 h5 25. Rf7 Rb8 26. Kg1 b5 27. Rd1 Rb7 28. a3 a5 29. Rd6 b4 30. axb4 axb4 31. c4 Ra7 32. b3 Ra1+ 33. Kf2 Ra2+ 34. Kf3 1/2-1/2

[Event "IECG R2.2001.0.00006"]
[Site "IECG email"]
[Date "2001.04.15"]
[Round "1"]
[White "Ventimiglia, Chuck"]
[Black "Sanmartino, Gianluca"]
[Result "1/2-1/2"]
[WhiteElo "1713"]
[BlackElo "1600"]
[PlyCount "49"]
[EventDate "2001.04.15"]
[EventType "tourn (corr)"]
[EventRounds "6"]
[SourceTitle "Corr 2024"]
[Source "ChessBase"]
[SourceDate "2023.10.19"]
[SourceVersion "1"]
[SourceVersionDate "2023.10.19"]
[SourceQuality "1"]

1. e4 e5 2. f4 exf4 3. Nf3 g5 4. h4 g4 5. Ne5 Nf6 6. d4 d6 7. Nd3 Nxe4 8. Bxf4 Qe7 9. Qe2 Nc6 10. c3 Bf5 11. Nd2 0-0-0 12. Nxe4 Qxe4 13. Qxe4 Bxe4 14. Nf2 f5 15. Nxe4 fxe4 16. h5 Rg8 17. Be2 Be7 18. 0-0 d5 19. Kh2 Bh4 20. Be3 Rd7 21. Rf4 Bg5 22. Rxg4 Rdg7 23. Bxg5 Rxg5 24. Rxg5 Rxg5 25. Rf1 1/2-1/2

[Event "IECG R2.2001.0.00006"]
[Site "IECG email"]
[Date "2001.04.15"]
[Round "1"]
[White "Ventimiglia, Chuck"]
[Black "Von Saleski, Marcel"]
[Result "1/2-1/2"]
[WhiteElo "1713"]
[BlackElo "1400"]
[PlyCount "49"]
[EventDate "2001.04.15"]
[EventType "tourn (corr)"]
[EventRounds "6"]
[SourceTitle "Corr 2024"]
[Source "ChessBase"]
[SourceDate "2023.10.19"]
[SourceVersion "1"]
[SourceVersionDate "2023.10.19"]
[SourceQuality "1"]

1. e4 e6 2. d4 d5 3. Nd2 c5 4. Ngf3 Nf6 5. exd5 Nxd5 6. dxc5 Bxc5 7. Ne4 Be7 8. c4 f5 9. cxd5 fxe4 10. Qa4+ Bd7 11. Qxe4 Qa5+ 12. Bd2 Qxd5 13. Qxd5 exd5 14. Bc3 0-0 15. 0-0-0 Bc6 16. Bd3 Nd7 17. Rhe1 Rae8 18. h4 Nc5 19. Bc2 a6 20. a3 Ne4 21. Bd4 Rc8 22. Kb1 Rf5 23. Be3 Bf6 24. Ng5 Re5 25. Nxe4 1/2-1/2